• AIU
  • Tony Wilmot Memorial Library

Accessions list, Eastern Africa. (Record no. 55831)

MARC details
000 -LEADER
fixed length control field 01842nam a22004331a 4500
001 - CONTROL NUMBER
control field 11366264
005 - DATE AND TIME OF LATEST TRANSACTION
control field 20131118113829.0
007 - PHYSICAL DESCRIPTION FIXED FIELD--GENERAL INFORMATION
fixed length control field he amb---baca
007 - PHYSICAL DESCRIPTION FIXED FIELD--GENERAL INFORMATION
fixed length control field he bmb---baaa
008 - FIXED-LENGTH DATA ELEMENTS--GENERAL INFORMATION
fixed length control field 900710c19769999ii ar b 0 0eng
010 ## - LIBRARY OF CONGRESS CONTROL NUMBER
LC control number sf
012 ## -
-- -3-7-0308084216-p-9006
022 ## - INTERNATIONAL STANDARD SERIAL NUMBER
International Standard Serial Number 0145-8736
035 ## - SYSTEM CONTROL NUMBER
System control number (OCoLC)ocm21987353
040 ## - CATALOGING SOURCE
Original cataloging agency DLC
Transcribing agency DLC
Modifying agency OCoLC
042 ## - AUTHENTICATION CODE
Authentication code lcd
222 #0 - KEY TITLE
Key title Accessions list. Eastern Africa. Annual publishers' directory, monographs and serials
245 00 - TITLE STATEMENT
Title Accessions list, Eastern Africa.
Medium [Microform]
260 ## - PUBLICATION, DISTRIBUTION, ETC. (IMPRINT)
Place of publication, distribution, etc Nairobi
Name of publisher, distributor, etc Library of Congress Offi
Date of publication, distribution, etc [1976-
300 ## - PHYSICAL DESCRIPTION
Extent v. ; 28 cm.
310 ## - CURRENT PUBLICATION FREQUENCY
Current publication frequency Annual
362 0# - DATES OF PUBLICATION AND/OR SEQUENTIAL DESIGNATION
Dates of publication and/or sequential designation 1976-
500 ## - GENERAL NOTE
General note At head of title, 1976-1978: The Library of Congress National Program for Acquisitions and Cataloging. Description based on: 1984; title from cover.
515 ## - NUMBERING PECULIARITIES NOTE
Numbering peculiarities note Issues for 1979- called also: Vol. 12-
533 ## - REPRODUCTION NOTE
Type of reproduction Microfiche.
Place of reproduction New Delhi, India :
Agency responsible for reproduction Library of Congress Office.
Physical description of reproduction microfiches.
580 ## - LINKING ENTRY COMPLEXITY NOTE
Linking entry complexity note Supplement to: Accessions list, Eastern Africa, ISSN 0090-371X.
590 ## - LOCAL NOTE (RLIN)
Local note SERBIB/SERLOC merged record
650 #0 - SUBJECT ADDED ENTRY--TOPICAL TERM
Topical term or geographic name as entry element Publishers and publishing - Africa, East
Form subdivision Directories.
710 2# - ADDED ENTRY--CORPORATE NAME
Corporate name or jurisdiction name as entry element Library of Congress. Library of Congress
710 2# - ADDED ENTRY--CORPORATE NAME
Corporate name or jurisdiction name as entry element Library of Congress. Library of Congress
772 1# - SUPPLEMENT PARENT ENTRY
Title Accessions list, Eastern Africa
International Standard Serial Number 0090-371X
Record control number (DLC)sf 90090069
-- (OCoLC)21987315
776 1# - ADDITIONAL PHYSICAL FORM ENTRY
Title Accessions list, Eastern Africa. Annual publishers' directory, monographs and serials
International Standard Serial Number 0145-8736
Record control number (OCoLC)2800619
890 ## -
-- United States. Accessions list, Eastern Africa. Annual publishers' directory. [microfiche]
-- sf90-90065
906 ## - LOCAL DATA ELEMENT F, LDF (RLIN)
a 7
b cbc
c serials
d u
e ncip
f 19
g n-oclcserc
920 ## -
-- Keep 1
991 ## -
-- c-MicRR
-- Microfiche (o) 84/5
-- SERIALS
992 ## -
-- MicRR
-- SERLOC

No items available.